Trade effects of public subsidies to private enterprise (Record no. 28206)

MARC details
000 -LEADER
fixed length control field 00301nam a2200109Ia 4500
082 ## - DEWEY DECIMAL CLASSIFICATION NUMBER
Classification number 330.352
Item number DEN
100 ## - MAIN ENTRY--AUTHOR NAME
Personal name DENTON, Geoffrey
245 #0 - TITLE STATEMENT
Title Trade effects of public subsidies to private enterprise
260 ## - PUBLICATION, DISTRIBUTION, ETC. (IMPRINT)
Place of publication London
Name of publisher Macmillan
Year of publication 1975
942 ## - ADDED ENTRY ELEMENTS (KOHA)
Koha item type Books
Holdings
Withdrawn status Lost status Damaged status Not for loan Home library Current library Date acquired Full call number Accession Number Koha item type
        RRII Library RRII Library 16/12/2021 330.352 DEN 08814 Books